000 00822nam a22002417a 4500
003 DO-SdBNP
005 20230824120125.0
007 ta
008 221114b2019 dr ||||| |||| 00| 0 spa d
020 _a9789945580815
040 _aDO-SdBNP
_bspa
_cBNPHU
082 4 _222
100 1 _aMorales Urbina, Esther María
_982593
245 1 0 _aÁlgebra superior /
_cEsther María Morales Urbina ; editor Lennys Tejada Betancourt
260 _aSanto Domingo :
_bUAPA,
_c2019.
300 _a364 p. :
_bil. ;
_c27 cm.
490 0 _aAutoaprendizaje
_v16
590 _aInventariado, 2022/BT
700 1 _aTejada Betancourt, Lennys,
_eed.
_979591
710 2 _a Universidad Abierta para Adultos (Santiago de los Caballeros, República Dominicana)
_981179
910 _aBtavárez/Validado. Control de calidad MFF
942 _2ddc
_cLBS1
999 _c52906
_d52906